Ochrana strojárskych výrobkov pre sťažné klimatické podmienky

Bibliographic Details
Main Author: Hoffmanová, Marta (Author)
Format: Book
Language:Undetermined
PhysicalDescription:100 s.
Published: Bratislava Dom techniky SVTS 1970

MARC

LEADER 00000nam a2200000 a 4500
001 vtls001441203
003 SK-MaSNL
005 20260302061518.0
008 240314s1970 xx 0 und
035 |a SNK000396385 
040 |a SNK  |b slo  |c SNK  |e AACR2 
100 1 |a Hoffmanová, Marta  |4 aut  |9 720391 
245 1 0 |a Ochrana strojárskych výrobkov pre sťažné klimatické podmienky 
260 |a Bratislava  |b Dom techniky SVTS  |c 1970 
300 |a 100 s. 
958 |a OND 
999 |c 1125713  |d 1127643 
952 |t P60, <04>, [BOOK], {604}  |a SNK  |b SNK  |y VYP  |7 0  |p 17A0355905  |o snkSD 62705 D1  |i snkD 2626/90  |0 0  |1 0  |4 0  |d 2002-09-20  |l 0  |r 2005-01-02 00:00:00  |w 2026-02-24